[Event "Sitges Sunway online op"]
[Site "Chess.com INT"]
[Date "2020.04.27"]
[Round "9"]
[White "Thrish, Karthik"]
[Black "McDermott, Peter John"]
[Result "1-0"]
[WhiteElo "2095"]
[BlackElo "1798"]
[PlyCount "89"]
[EventDate "2020.04.19"]
[EventType "swiss"]
[EventRounds "9"]
[EventCountry "ESP"]
[SourceTitle "EXT 2021"]
[Source "ChessBase"]
[SourceDate "2020.10.23"]
[SourceVersion "1"]
[SourceVersionDate "2020.10.23"]
[SourceQuality "1"]

1. e4 d6 2. d4 Nf6 3. Nc3 Nbd7 4. Nf3 e5 5. Bc4 h6 6. 0-0 Be7 7. dxe5 dxe5 8. Qe2 c6 9. Rd1 Qc7 10. a4 a5 11. h3 0-0 12. Nh4 Nc5 13. Ng6 Re8 14. Nxe7+ Qxe7 15. b3 Be6 16. Ba3 Nfd7 17. Rd2 Qg5 18. Bxe6 Rxe6 19. Rad1 Re7 20. Qc4 b6 21. Rd6 Rc8 22. Ne2 Rc7 23. Ng3 Re6 24. Rxe6 Nxe6 25. Qa6 c5 26. Bc1 Qh4 27. c3 Kh7 28. Qb5 Qd8 29. Nf5 Nf4 30. Qc4 Qe8 31. Nd6 Qe6 32. Bxf4 Qxc4 33. Nxc4 exf4 34. Rd6 Rb7 35. e5 Kg8 36. g3 fxg3 37. f4 Kf8 38. Kg2 Ke7 39. Kxg3 g5 40. Rxh6 gxf4+ 41. Kxf4 Rb8 42. Ne3 f6 43. Nd5+ Ke6 44. Nxf6 Rf8 45. Ke4 1-0

[Event "Sitges Sunway online op"]
[Site "Chess.com INT"]
[Date "2020.04.26"]
[Round "8"]
[White "McDermott, Peter John"]
[Black "Pala, Giorgio"]
[Result "1-0"]
[WhiteElo "1798"]
[BlackElo "1998"]
[PlyCount "151"]
[EventDate "2020.04.19"]
[EventType "swiss"]
[EventRounds "9"]
[EventCountry "ESP"]
[SourceTitle "EXT 2021"]
[Source "ChessBase"]
[SourceDate "2020.10.23"]
[SourceVersion "1"]
[SourceVersionDate "2020.10.23"]
[SourceQuality "1"]

1. Nf3 f5 2. e4 fxe4 3. Ng5 Nf6 4. d3 e5 5. dxe4 h6 6. Nf3 Nc6 7. Bc4 Bc5 8. 0-0 d6 9. c3 Bg4 10. b4 Bb6 11. Nbd2 Qd7 12. Qb3 Nd8 13. Be2 Be6 14. Qc2 0-0 15. Nc4 Nc6 16. a4 Qf7 17. Qd3 Bxc4 18. Qxc4 a6 19. Qxf7+ Kxf7 20. Bc4+ Kg6 21. Re1 Kh7 22. Be3 Bxe3 23. Rxe3 Ne7 24. Be6 Nh5 25. g3 Rae8 26. a5 Nf6 27. Nh4 g6 28. Rf1 Nc6 29. Bb3 Nd8 30. Bc2 Kg7 31. Ree1 Nh5 32. Bd1 Nf6 33. Bc2 Nh5 34. Ng2 Ne6 35. Bd1 Nf6 36. f4 exf4 37. gxf4 Nd8 38. Bf3 Nd7 39. Bg4 Re7 40. h4 h5 41. Bf3 Rfe8 42. Re2 Nf6 43. Rfe1 Nc6 44. Ne3 Kg8 45. Nc2 Kg7 46. Nd4 Nxd4 47. cxd4 c6 48. Kg2 Nd7 49. e5 dxe5 50. dxe5 Nf8 51. Rd2 Ne6 52. Kg3 Rf8 53. Re4 Ref7 54. Rd6 Nxf4 55. e6 Nxe6 56. Bxh5 gxh5 57. Rexe6 Rf3+ 58. Kg2 Rf2+ 59. Kg1 R2f6 60. Kg2 Kg6 61. Kg3 Rxe6 62. Rxe6+ Rf6 63. Rxf6+ Kxf6 64. Kf4 Ke6 65. Kg5 Kd5 66. Kxh5 Kc4 67. Kg6 Kxb4 68. h5 Kxa5 69. h6 Kb4 70. h7 a5 71. h8Q a4 72. Qb2+ Ka5 73. Qxb7 a3 74. Qxc6 Kb4 75. Qc1 Kb3 76. Qa1 1-0